| 000 | 00516nam a22001817a 4500 | ||
|---|---|---|---|
| 003 | BD-ChCU | ||
| 005 | 20260107120815.0 | ||
| 008 | 260107b bg ||||| |||| 00| 0 ben d | ||
| 040 | _cBD-ChCU | ||
| 082 | _a190 STS | ||
| 100 |
_aStumpf , Samuel Enoch . _918762 |
||
| 245 |
_aSocrates to sartre : _ba history of philosophy ./ _cSamuel Enoch , Stumpf. |
||
| 250 | _a2nd ed. | ||
| 260 |
_aNew York : _bMcgraw -hill , _cC 1975 |
||
| 300 | _axvi , 527p | ||
| 650 | 0 |
_aPhilosophy - History _918763 |
|
| 942 |
_2ddc _cBK _n0 |
||
| 999 |
_c110788 _d110788 |
||